| 000 | 00779nam a2200241Ia 4500 | ||
|---|---|---|---|
| 003 | OSt | ||
| 005 | 20251023151757.0 | ||
| 008 | 210716s2018 xx 000 0 und d | ||
| 020 | _a9789352137060 | ||
| 040 | _cAIMIT LIBRARY | ||
| 041 | _aeng | ||
| 082 |
_a005.76821 _21 _bCHAB |
||
| 100 |
_aChambers, Bill. _9242576 |
||
| 245 |
_aSpark : _bDefinitive guide / _cBy Bill Chamberra and Matei Zaharia. |
||
| 250 | _a1st ed. | ||
| 260 |
_aNew Delhi : _bShroff Publications and Distributers Pvt Ltd , _c2018. |
||
| 300 |
_axxvi,574p. ; _bPB _c23.7 cm |
||
| 650 |
_aGentle overview if big data and spark _9242577 |
||
| 650 |
_aLow- level API s _9242578 |
||
| 650 |
_aProduction application _9242579 |
||
| 700 |
_aZaharia, Matei. _9242580 |
||
| 942 |
_2ddc _cBK _e1st _k005.76821 CHAB |
||
| 999 |
_c196907 _d196907 |
||